00982nam a2200265 a 450000100100000000500170001000800410002704000130006808200150008110000270009624500780012325000130020126000420021430000210025649000300027749000490030750000630035650000420041965000230046183000370048483000560052104900090057795201130058699900170069900001070520250509170321.0091009s1983 dr 000 0 spa d aDO-SdBNP a370bM826i1 aMoquete, Jacobo92591310aIntroducción a la educación :bpedagogía general /cJacobo Moquete. a8va. ed. aSanto Domingo :bAlfa y Omega,c1983. a211 p. ;c22 cm.1 aEducación y Sociedadv81 aUniversidad Autónoma de Santo Domingov268 aIncluye datos biográficos del autor en la contracubierta aIncluye notas al pie de las páginas 0aEducación951588 0aEducación y Sociedadn8925914 0aUniversidad Autónoma de Santo Domingov268917164 aBNPD 0010718PDaPDbPDcHDd2009-10-09iLF1l0o370 M826ip10705-10r2020-06-25w2020-06-25yLFPDZNo se presta c10460d10460